Cartoons by Cookies Quiz Stats

 Plays Quiz Updated Aug 2, 2016

Also try: Movie By Cupcake
Challenge
Share
Tweet
Score 0/16 Timer 03:00
1 Play Today
% Correct
SpongeBob SquarePants
99.5%
The Simpsons
97.1%
Scooby-Doo, Where Are You!
95.8%
Tom and Jerry
95.6%
Teenage Mutant Ninja Turtles
93.4%
The Flintstones
93.2%
South Park
92.8%
Pokémon
92.1%
% Correct
Peanuts
91.1%
The New Adventures of Winnie the Pooh
87.9%
The Powerpuff Girls
84.5%
Futurama
81.3%
Beavis and Butthead
78.6%
Bob's Burgers
76.7%
Adventure Time
59.8%
Invader Zim
39.2%

You're not logged in!

Compare scores with friends on all Sporcle quizzes.
Join for Free
OR
Log In

You Might Also Like...

Show Comments

Extras

Top Quizzes Today


Score Distribution

Your Account Isn't Verified!

In order to create a playlist on Sporcle, you need to verify the email address you used during registration. Go to your Sporcle Settings to finish the process.

Report this User

Report this user for behavior that violates our Community Guidelines.

Details: